| 000 | 00787cab a2200265 4500 | ||
|---|---|---|---|
| 001 | ABS58709 | ||
| 008 | 090401t1998 xxu||||| |||| 00| 0 eng d | ||
| 035 | _a(Sirsi) u86520 | ||
| 041 | _aeng | ||
| 100 | _aSimmons, E. | ||
| 245 | 3 | _aAn unsolved problem | |
| 260 | _c1998 | ||
| 350 | _a0 | ||
| 490 |
_aWastes Management _vMay 1998, 16-17(2) |
||
| 520 | _aBroadly reviews the legislation controlling remediation of contaminated sites. Looks at the alternatives to the unsatisfactory method of using landfill. | ||
| 650 | _aCONTAMINATED LAND | ||
| 650 | _aLAND POLLUTION | ||
| 650 | _aLANDFILL | ||
| 650 | _aREMEDIATION | ||
| 650 | _aSITE ASSESSMENT | ||
| 650 | _aSITE INVESTIGATION | ||
| 690 | _aENVIRONMENTAL AND LAND CONSULTANCY | ||
| 942 | _n0 | ||
| 948 | _c01/06/1998 | ||
| 999 |
_c54456 _d54456 |
||